Водные ресурсы: новые вызовы и пути решения (Запись № 10889397)

Подробности
000 -МАРКЕР
контрольное поле 01983nam0a2200361 4500
001 - ИДЕНТИФИКАТОР ЗАПИСИ
контрольное поле RU\NLR\BIBL_A\011601063
005 - ИДЕНТИФИКАТОР ВЕРСИИ
контрольное поле 20241102064432.0
010 ## - МЕЖДУНАРОДНЫЙ СТАНДАРТНЫЙ НОМЕР КНИГИ (ISBN)
Номер (ISBN) 9785906993021
Тираж 170
021 ## - НОМЕР ГОСУДАРСТВЕННОЙ РЕГИСТРАЦИИ
Код страны Российская Федерация
Номер 2017-99851
Номер Листа государственной регистраци 7199
035 ## - ДРУГИЕ СИСТЕМНЫЕ НОМЕРА
Идентификатор записи (RuMoRGB)009499678
035 ## - ДРУГИЕ СИСТЕМНЫЕ НОМЕРА
Идентификатор записи (NLR Aleph) 011601063
100 ## - ДАННЫЕ ОБЩЕЙ ОБРАБОТКИ
Данные общей обработки 20180124d2017 k y0rusy50 ca
101 0# - ЯЗЫК РЕСУРСА
Язык текста, звукозаписи и т.д. русский
102 ## - СТРАНА ПУБЛИКАЦИИ ИЛИ ПРОИЗВОДСТВА
Страна публикации Российская Федерация
105 ## - ПОЛЕ КОДИРОВАННЫХ ДАННЫХ: ТЕКСТОВЫЕ МАТЕРИАЛЫ, МОНОГРАФИЧЕСКИЕ
Кодированные данные о монографическом текстовом документе ab z 100zy
200 1# - ЗАГЛАВИЕ И СВЕДЕНИЯ ОБ ОТВЕТСТВЕННОСТИ
Основное заглавие Водные ресурсы: новые вызовы и пути решения
Сведения, относящиеся к заглавию Всероссийская научная конференция с международным участием, г. Сочи, 02-07 октября 2017 г.
-- сборник научных трудов
Первые сведения об ответственности Федеральное агентство научных организаций [и др.
Последующие сведения об ответственности редакционная группа: д.т.н. М.В. Болгов и др.]
210 ## - ПУБЛИКАЦИЯ, РАСПРОСТРАНЕНИЕ И ДР.
Место издания, распространения и т.д. Москва
-- Новочеркасск
Имя издателя, распространителя и т. д. Лик
Дата издания, распространения и т.д. 2017
215 ## - ФИЗИЧЕСКАЯ ХАРАКТЕРИСТИКА
Специфическое обозначение материала и объем 632 с.
Другие сведения о физической характеристике ил., карты
Размеры 29
225 1# - СЕРИЯ
Основное заглавие серии Год экологии в России
300 ## - ОБЩИЕ ПРИМЕЧАНИЯ
Текст примечания Посвящ. Году экологии в России и 50-летию Института водных проблем РАН
320 ## - ПРИМЕЧАНИЯ О НАЛИЧИИ В ДОКУМЕНТЕ БИБЛИОГРАФИИ / УКАЗАТЕЛЯ
Текст примечания Библиогр. в конце ст.
606 ## - НАИМЕНОВАНИЕ ТЕМЫ КАК ПРЕДМЕТ
Наименование темы Водные ресурсы
Формальный подзаголовок Съезды, совещания и т.п
Системный номер авторитетной/нормативной записи 1268369
Идентификатор авторитетной/нормативной записи RU\NLR\AUTH\66204017
686 ## - ИНДЕКСЫ ДРУГИХ КЛАССИФИКАЦИЙ
Индекс У9(2)45я431(2)
Код системы
686 1# - ИНДЕКСЫ ДРУГИХ КЛАССИФИКАЦИЙ
Индекс Д220я431(2)
686 1# - ИНДЕКСЫ ДРУГИХ КЛАССИФИКАЦИЙ
Индекс У45(2)-51я431
702 #1 - ИМЯ ЛИЦА - ВТОРИЧНАЯ ОТВЕТСТВЕННОСТЬ
Начальный элемент ввода Болгов
Часть имени, кроме начального элемента ввода М. В.
Расширение инициалов личного имени Михаил Васильевич
Код отношения Редактор
711 12 - НАИМЕНОВАНИЕ ОРГАНИЗАЦИИ - АЛЬТЕРНАТИВНАЯ ОТВЕТСТВЕННОСТЬ
Начальный элемент ввода "Водные ресурсы: новые вызовы и пути решения", всероссийская научная конференция с международным участием
Место проведения временной организации Сочи
Дата проведения временной организации 2017
Системный номер авторитетной/нормативной записи 587601
Идентификатор авторитетной/нормативной записи RU\NLR\AUTH\880462486
942 ## - ДОПОЛНИТЕЛЬНЫЕ ЭЛЕМЕНТЫ ЗАПИСИ (АБИС)
Тип экземпляра АБИС Книга
980 ## - КОЛЛЕКЦИЯ
Название коллекции НБР

Нет доступных экземпляров.